00510cam a2200193u 450000100060000000300080000600500170001400800410003103500190007204000330009104100080012408200200013210000170015224500450016926000290021430000210024365100210026465500310028518468BD-RjUL20211209000305.0140220s1966 enk 000 1 eng d a(BD-RjUL)18526 aDLCcCarPdDLCdBD-RjULbeng aeng00a823.9bMUW 19661 aMunk, Peter.10aThat wilderness is a cry /cMunk, Peter. aLondon :bDawnay,c1966. a288 p. ;c20 cm. 0aIsraelxFiction. 7aHistorical fiction.2gsafd